Statistics for Three Longest Rivers in Every State

Click here to take the quiz!

General Stats

  • This quiz has been taken 98 times
  • The average score is 66 of 130

Answer Stats

River% Correct
Arkansas | Illinois | Kentucky | +5 othersMississippi
97%
Iowa | Kansas | Missouri | +4 othersMissouri
93%
Ohio
93%
| Arizona | California | +2 othersColorado
91%
Colorado | New Mexico | TexasRio Grande
88%
| OklahomaArkansas
87%
New JerseyHudson
83%
AlabamaTennessee
82%
Red
76%
Oregon | WashingtonColumbia
74%
DelawareDelaware
74%
AlaskaYukon
74%
Potomac
71%
Idaho | WyomingSnake
68%
Red River of the North
62%
Connecticut | Massachusetts | New Hampshire | VermontConnecticut
54%
Alabama
53%
New YorkSt. Lawrence
50%
Green
43%
Savannah
41%
Yellowstone
41%
| Florida | GeorgiaChattahoochee
38%
Gila
38%
James
34%
North Platte
34%
White
34%
MarylandSusquehanna
33%
Susquehanna
32%
Sacramento
30%
Allegheny
29%
Wabash
29%
Wisconsin
28%
MichiganGrand
26%
St. Johns
26%
Pecos
25%
MaineSt. John
25%
Canadian
24%
Cumberland
24%
New
22%
Des Moines
21%
San Joaquin
21%
North Carolina | VirginiaRoanoke
16%
Pee Dee
13%
Rock
12%
Pearl
11%
Humboldt
9%
Milk
9%
Bear
8%
Flint
8%
Porcupine
8%
Scioto
8%
St. Joseph
7%
Nuese
5%
Suwanee
5%
Yakima
5%
Muskegon
4%
Ouachita
4%
Catawba
1%
Cimmaron
1%
Kuskokwin
1%
Little Colorado
1%
Owyhee
1%
Kootenai
0%

Score Distribution

Percentile by Number Answered

Percent of People with Each Score

Your Score History

You have not taken this quiz